nom de sport - Statistiques

Statistiques générales
  • Ce quiz a été pris 1 802 fois
  • Le résultat moyen est 18 sur 50
Statistiques - réponses
Hint Réponse % Correct
2 football
99%
3 basketball
90%
4 tennis
87%
22 natation
79%
10 handball
76%
44 beach volley
73%
49 volley
72%
38 rugby
71%
5 equitation
70%
50 judo
68%
11 athletisme
66%
23 aqua-gym
63%
15 karaté
63%
42 boxe
62%
40 badminton
58%
1 danse
58%
6 tennis de table
57%
30 golf
52%
33 Baseball
48%
13 cyclisme
45%
16 ski
44%
29 escalade
37%
7 gymnastique
37%
34 escrime
34%
47 petanque
30%
24 surf
30%
9 cricket
28%
43 m.m.a
22%
25 voile
22%
12 marche
19%
28 moto cross
19%
26 yoga
17%
36 roller
16%
48 curling
13%
27 kung fu
13%
31 polo
12%
17 ski alpin
9%
18 ski de fond
9%
37 patin a glace
7%
14 decathlon
6%
45 trampoline
4%
39 accrobranche
3%
20 apné
3%
8 croquet
3%
32 parachutisme
3%
46 parapente
3%
35 rafting
2%
21 alpiniste
1%
41 ballet sur glace
0%
19 jiu-jidsu
0%
Aucun quiz correspondant
Distribution des résultats
% des personnes avec chaque résultat
Percentile par nombre de réponses
Votre historique - résultats
Vous n’avez pas pris ce quiz